000 00810nam a2200241 i 4500
003 MX-MxUPN
005 20260108063957.0
008 251024s2023 mx||||||r|||| 000 0 spa d
020 _a9786078199112
040 _aMX-MxUPN
_bspa
_cMX-MxUPN
041 0 _aspa
050 1 4 _aHV5313
_bN65 2023
100 1 _aNolla Hernández, Esteban
_958555
245 1 3 _aEl trago estándar en México :
_buna herramienta para la prevención del uso nocivo del alcohol
250 _aSegunda edición.
260 _aCiudad de México :
_bFundación de Investigaciones Sociales,
_c2023.
300 _a237 páginas
650 4 _aAlcoholismo
_zMéxico
_92125
650 4 _aAlcoholismo
_xPrevención
_915854
902 _aMarisolLicea/24102025
_bVíctor Ruiz/070126
942 _2lcc
_cLIBRO
_n0
999 _c214397
_d214397